Score 0/26 Timer 07:00
3 Plays Today
% Correct
Superman
96.5%
attacked by an ostrich
92.9%
soft-drink manufacturers
92.2%
less blue
87.4%
Vikings
86.8%
the best-behaved convicts
86.6%
his peas
86.4%
each other
86%
still using the Julian calendar
85.9%
squirting cold water into your left ear
85.5%
following the Pope on Twitter
85.2%
designed by Hugo Boss
85%
Glasgow
84.5%
% Correct
a priest
83.7%
cats named Jesus
79.5%
made of wood
77%
living in Vienna
73.2%
named after King George III
72%
a keen surfer
71.4%
beetles
67.4%
a hammerhead shark
64.9%
dead
63.1%
a tiger
62.6%
at the battle of the Somme
61.7%
a giant teapot
31.1%
dried fish
19.4%
Remove Ads.
Support Sporcle.
Get the best of Sporcle when you Go Orange. This ad-free experience offers more features, more stats, and more fun while also helping to support Sporcle. Thank you for becoming a member.

You're not logged in!

Compare scores with friends on all Sporcle quizzes.
OR
Log In

Show Comments

Extras

Top Quizzes Today


Score Distribution

Your Account Isn't Verified!

In order to create a playlist on Sporcle, you need to verify the email address you used during registration. Go to your Sporcle Settings to finish the process.

Report this User

Report this user for behavior that violates our Community Guidelines.

Details: